Meiji nōgyō ronshū : chiso tochi shoyū ron /
Saved in:
| Other Authors: | |
|---|---|
| Format: | Book |
| Language: | Japanese |
| Published: |
Tōkyō :
Nō-san-gyōson Bunka Kyōkai,
Shōwa 52 [1977]
|
| Series: | Meiji Taishō nōsei keizai meicho shū ;
24. |
| Subjects: | |
| Tags: |
Add Tag
No Tags, Be the first to tag this record!
|
| LEADER | 01519cam a2200385 i 4500 | ||
|---|---|---|---|
| 001 | 007789430-8 | ||
| 005 | 20024617115958.0 | ||
| 008 | 890711s1977 ja af b 000 0 jpn | ||
| 010 | |a 78802276 /J | ||
| 015 | |a Ja77-27352 | ||
| 035 | 0 | |a ocm23325529 | |
| 040 | |a DLC |c MiU |d OCoLC |d *YNH* |d CStRLIN | ||
| 043 | |a a-ja--- | ||
| 045 | |a w6x1 | ||
| 050 | 0 | 0 | |a HD2093 1975 |b .M43 1975, vol. 24 |a HD1295.J3 |
| 245 | 0 | 0 | |6 880-01 |a Meiji nōgyō ronshū : |b chiso tochi shoyū ron / |c [chosha Ario Keijū ... et al.]. |
| 246 | 3 | 0 | |6 880-02 |a Nōgyō ronshū |
| 246 | 3 | 0 | |6 880-03 |a Chiso tochi shoyū ron |
| 260 | |6 880-04 |a Tōkyō : |b Nō-san-gyōson Bunka Kyōkai, |c Shōwa 52 [1977] | ||
| 300 | |a 515 p., [4] leaves of plates : |b ill. ; |c 22 cm. | ||
| 490 | 1 | |6 880-05 |a Meiji Taishō nōsei keizai meicho shū ; |v 24 | |
| 504 | |a Bibliography: p. 57. | ||
| 650 | 0 | |a Land value taxation |z Japan |x History. | |
| 650 | 0 | |a Land tenure |z Japan |x History. | |
| 700 | 1 | |6 880-06 |a Ario, Keijū, |d 1849- | |
| 880 | 0 | 0 | |6 245-01 |a 明治農業論集 : |b 地租・土地所有論 / |c [著者有尾敬重 ... et al.]. |
| 880 | 3 | 0 | |6 246-02 |a 農業論集 |
| 880 | 3 | 0 | |6 246-03 |a 地租・土地所有論 |
| 880 | |6 260-04 |a 東京 : |b 農山漁村文化協会, |c 昭和52 [1977] | ||
| 880 | 1 | |6 490-05 |a 明治大正農政経済名著集 ; |v 24 | |
| 880 | 1 | |6 700-06 |a 有尾敬重, |d 1849- | |
| 830 | 0 | |6 880-55 |a Meiji Taishō nōsei keizai meicho shū ; |v 24. | |
| 880 | 0 | |6 830-55 |a 明治大正農政経済名著集 ; |v 24. | |
| 988 | |a 20021214 | ||
| 906 | |0 DLC | ||


